Linothele cavicola, a new diplurine spider (<Araneae, Dipluridae>) from caves in Ecuador (Registro nro. 10047)

Detalles MARC
000 -CABECERA
Campo de control 006070000a22001810004500
090 ## - CLASIFICACIÓN LOCAL
Colección AR
Consecutivo 00959
041 0# - IDIOMA
Código de idioma para texto/pista de sonido o título separado
100 1# - ASIENTO PRINCIPAL--NOMBRE PERSONAL
Nombre personal Goloboff, Pablo A.
245 10 - MENCION DE TITULO
Título Linothele cavicola, a new diplurine spider (<Araneae, Dipluridae>) from caves in Ecuador
650 14 - ASIENTO SECUNDARIO DE MATERIA - TERMINO TEMATICO
Término temático o nombre geográfico como elemento de entrada Entomología
650 14 - ASIENTO SECUNDARIO DE MATERIA - TERMINO TEMATICO
Término temático o nombre geográfico como elemento de entrada Bioespeleología
650 14 - ASIENTO SECUNDARIO DE MATERIA - TERMINO TEMATICO
Término temático o nombre geográfico como elemento de entrada Biología de la especie
650 14 - ASIENTO SECUNDARIO DE MATERIA - TERMINO TEMATICO
Término temático o nombre geográfico como elemento de entrada Nuevas especies
651 #4 - ASIENTO SECUNDARIO DE MATERIA - NOMBRE GEOGRAFICO
-- Cueva de Los Tayos
-- Ecuador
653 ## - TERMINO DE INDIZACION - NO CONTROLADO
-- Dipluridae
-- Linothele
-- Linothele cavicola
773 1# - Item fuente:
Título Journal of Arachnology
Especificación de materiales 343
Descripción física 22
Paginas del Articulo 70-72
Lugar, editorial y fecha de publicación 1994
942 ## - ELEMENTOS ADICIONALES (KOHA)
Tipo de ítem Artículo
Existencias
Withdrawn status Lost status Damaged status No para préstamo Colección Ubicación Permanente Ubicación actual Fecha de adquisición Fuente de Valor Datos de publicación Seriada Total Checkouts Número topográfico Inventario / Código de Barras Date last seen Ejemplar Price effective from Forma de adquisición Tipo de material
      No para Préstamo Hemeroteca Bogotá Bogotá 27/02/2015 Muñoz Saba, Yaneth Fuera de circulación   AR 00959 011258 25/03/2015 1 25/03/2015   Artículo